000 00636nam a2200205 i 4500
001 50509
003 ES-MaACL
005 20250627063631.0
007 t|
008 030805s1971 sp ||||1| spa d
100 1 _aCullmann, Oscar,
_d1902-1999
_942150
245 1 3 _aLa fe y el culto en la Iglesia primitiva /
_cOscar Cullmann ; traducción por Eloy Requena.
260 _aMadrid :
_bStudium,
_c[1971]
300 _a312 p. ;
_c21 cm.
630 0 4 _aBiblia.
_pN.T.
_9119289
650 4 _aHistoria eclesiástica-
_yS.I-VI.
_913402
700 1 _aRequena, Eloy.
_996289
852 _aES-MaACL
_jC-39115
999 _c50509
_d50509